| 000 | 00681nam a2200193 a 4500 | ||
|---|---|---|---|
| 001 | 3806 | ||
| 003 | CDMR | ||
| 005 | 20131017141122.0 | ||
| 008 | 130130s2000||||||||||||||||||||||||||||d | ||
| 020 | _a848374161X | ||
| 040 |
_aCDMR _bcat _cCPC LLEIDA |
||
| 100 | 1 |
_aFernández Sanz, Juan José _9505 |
|
| 245 | 1 | 0 |
_a¡ Que informen ellos ! _cJuan José Fernández Sanz _b: de cómo el sector español de la comunicación va siendo copado por los grandes grupos multimedia internacionales |
| 250 | _a2a ed. | ||
| 260 |
_aMadrid _c2000 _bHuega y Fierro |
||
| 650 | 0 | 4 |
_94120 _aEmpreses periodístiques _zEspanya |
| 650 | 0 | 4 |
_9396 _aMitjans de comunicació de massa _zEspanya |
| 942 |
_cMON _2udc |
||
| 999 |
_c3806 _d3806 |
||